000 00621nam a2200193Ia 4500
005 20260114185627.0
008 008 260114s9999 xx 000 0 eng d
020 _a9781474292887
037 _aEBOOK
040 _aCRL
_beng
_cCRL
041 _aeng
_2eng
084 _qCRL
100 _aEvangeline Bute and H.J.P. Harmer
_9872389
245 4 _aThe Black Handbook The People, History and Politics of Africa and the African Diaspora
260 _bBloomsbury
_c2016
856 _uhttps://doi.org/10.5040/9781474292887?locatt=label:secondary_bloomsburyCollections
942 _cEBOOK
999 _c1471337
_d1471337